Countries Where the Top 100 Dart Players are From - Statistics

General Stats
  • This quiz has been taken 81 times
  • The average score is 14 of 21
Answer Stats
No. Players Country % Correct
3 Germany
97%
3 Ireland
93%
46 England
87%
7 Scotland
87%
3 Australia
84%
3 Belgium
82%
12 Netherlands
82%
4 Wales
82%
1 Canada
77%
3 Austria
75%
2 Poland
75%
2 Spain
75%
3 Northern Ireland
74%
1 Sweden
72%
1 Portugal
66%
1 South Africa
49%
1 Czechia
46%
1 Latvia
38%
1 Croatia
34%
1 Lithuania
34%
1 Hong Kong
11%
No matching quizzes found
Score Distribution
Percent of People with Each Score
Percentile by Number Answered
Your Score History
You have not taken this quiz